000 00589nam a2200145Ia 4500
005 20260209120129.0
008 260209s9999||||xx |||||||||||||| ||und||
100 _aAyush Gupta
245 0 _aWhy India is not a preferred destination for international commercial arbitration?
260 _aBangaloreBangalore
_bNLSIU
_c2011
300 _a80 p. ; 25 cm.
650 _aAppointment of the Arbitrators - India International Commercial Arbitration - Role of India
700 _aProf. (Dr.) V Nagaraj - GuideProf. (Dr.) V Nagaraj - Guide
856 _uhttps://dans.nls.ac.in/handle/123456789/1909
999 _c216965
_d216965